000 00482nam a22001217a 4500
999 _c21416
_d21416
008 240910b ||||| |||| 00| 0 eng d
100 _aAbon, Teresita P.
_eauthor.
_960458
245 _aProviding safe learning environments through prevention of bullying /
_cTeresita P. Abon.
260 _aPhilippines;
_bPublishers Association of the Philippines, Inc.,
_cSeptember 2019.
300 _aVolume 168, pages 124-125.
700 _aAbon, Teresita P.
_eauthor.
_960458
942 _2ddc
_cPER